| 000 | 00750nam a22002537a 4500 | ||
|---|---|---|---|
| 001 | 0074 | ||
| 003 | DO-SdBNP | ||
| 005 | 20151116153107.0 | ||
| 007 | 0074 | ||
| 008 | 151116b sp 1982 xxu||||| |||| 00| 0 spa d | ||
| 020 | _a8423927016 | ||
| 040 |
_aBPMSU _bspa _cBPMSU |
||
| 092 |
_axxxxxxx _bxxxxxxx |
||
| 100 | 1 | 0 |
_aJuan Ramón Jiménez, _d1881-1958 |
| 245 | 1 | 0 |
_aCanta pájaro lejano : _bantolojía juvenil / _cJuan Ramón Jiménez ; prólogo Ana Pelegrin ; ilustración Luis de Horna |
| 250 | _a6a ed. | ||
| 260 |
_aMadrid : _bEspasa-Calpe, _c1982. |
||
| 300 |
_a121 p. : _bil., _c17 cm. |
||
| 490 | 1 | 0 |
_aAustral juvenil _v1 |
| 700 | 1 | 0 |
_aPelegrin, Ana, _epról. |
| 830 | 0 | 0 |
_aAustral juvenil _n1 |
| 942 |
_2ddc _cBK |
||
| 956 | _aBrenda Tavárez | ||
| 999 |
_c8732 _d8732 |
||